header

Asia in the global economy (Record no. 14242)

MARC details
000 -LEADER
fixed length control field 01396nam a2200373 a 4500
082 04 - DEWEY DECIMAL CLASSIFICATION NUMBER
Classification number 337.5
100 1# - MAIN ENTRY--AUTHOR NAME
Personal name Rajan, Ramkishen S.
245 10 - TITLE STATEMENT
Title Asia in the global economy
260 ## - PUBLICATION, DISTRIBUTION, ETC. (IMPRINT)
Place of publication Hackensack, NJ :
Name of publisher World Scientific Pub.,
Year of publication c2008.
300 ## - PHYSICAL DESCRIPTION
Number of Pages xii, 260 p. :
Other physical details ill.
650 #0 - SUBJECT ADDED ENTRY--TOPICAL TERM
Topical Term Finance
Topical Term International economic relations.
700 1# - ADDED ENTRY--PERSONAL NAME
Personal name Rongala, Sunil.
856 40 - ELECTRONIC LOCATION AND ACCESS
Uniform Resource Identifier http://site.ebrary.com/lib/rucke/Doc?id=10255478

No items available.

© 2026 Rongo University
Contact us: librarian | system librarian | Rongo university